| 000 | 00713nam a22002297a 4500 | ||
|---|---|---|---|
| 005 | 20251108165218.0 | ||
| 008 | 250721s1983 xx 000 0 ara d | ||
| 082 | 1 | 4 | _a818.08/جور |
| 100 | 1 | _aغريب، جورج | |
| 245 | 1 | 0 |
_aعصر بني أمية : _bنماذج نثرية محللة / |
| 250 | _aط4 | ||
| 264 | 1 |
_aبيروت : _bدار الثقافة، _c1983. |
|
| 300 | _a76ص | ||
| 490 | 0 | _aسلسلة الموسوعة في الأدب العربي ؛ 18 | |
| 650 | 1 | 7 | _aالأدب العربي |
| 650 | 1 | 7 | _aالنثر العربي |
| 650 | 1 | 7 | _aالتاريخ الأدبي |
| 650 | 1 | 7 | _aالنقد الأدبي |
| 650 | 1 | 7 | _aالعصر الأموي |
| 942 |
_2ddc _cBK |
||
| 999 |
_c22247 _d22247 |
||